000 00859nam a22002897a 4500
001 BR7604635
003 BR-BrBNA
005 20230928085125.0
007 ta
008 230509b bl.||||| |||| 00| 0 por d
040 _aBR-BrBNA
_bpor
_cBiblioteca Nacional de Agricultura
041 _a(Por)
072 _aP06; N10
_b/G514
090 _ P06 BR7604635
110 1 _aInstituto do Acucar e do Alcool, Sao Paulo, SP (Brasil)
_96318
245 1 _aDestilaria autonoma Londra. 60.000 litros. Transformacao de fabrica de aguardente. Primeira safra em 1978 [Brasil]
260 3 _aItai, SP (Brasil):
_c1976.
300 _a53 p.
500 _a5 illus.
650 _aRECURSO ENERGETICO
650 _aALCOOL
650 _aDESTILARIA
650 _aPROJETO AGRICOLA
650 _aINSTALACAO AGRICOLA
909 _a202309
_bLucia
_c55
_dLucia Elande
942 _cBK
999 _c22913
_d22913